[Event "WCO 2016"]
[Site "?"]
[Date "2016.09.13"]
[Round "11"]
[Board "18"]
[WhiteID "7802692"]
[White "Saira Rafique "]
[BlackID "10301216"]
[Black "Bekheet Suhailah"]
[Result "1-0"]
[BlackElo "1059"]
[WhiteElo "1104"]
[LiveChessVersion "1.4.8"]

1. e4 {[%clk 1:29:37]} e5 {[%clk 1:30:45]} 2. Nf3 {[%clk 1:29:50]} Nc6
{[%clk 1:30:57]} 3. Bc4 {[%clk 1:29:48]} Nd4 {[%clk 1:30:38]} 4. Nxe5
{[%clk 1:28:55]} Qg5 {[%clk 1:30:50]} 5. Ng4 {[%clk 1:27:28]} Nf6
{[%clk 1:30:04]} 6. d3 {[%clk 1:26:46]} Bb4+ {[%clk 1:30:08]} 7. c3
{[%clk 1:24:51]} Qh4 {[%clk 1:28:03]} 8. Nxf6+ {[%clk 1:20:52]} Qxf6
{[%clk 1:27:55]} 9. cxb4 {[%clk 1:20:39]} O-O {[%clk 1:28:06]} 10. O-O
{[%clk 1:21:02]} h6 {[%clk 1:28:21]} 11. Nc3 {[%clk 1:19:26]} Qe5
{[%clk 1:27:32]} 12. Be3 {[%clk 1:15:36]} c5 {[%clk 1:26:47]} 13. bxc5
{[%clk 1:12:45]} Qxc5 {[%clk 1:26:54]} 14. Na4 {[%clk 1:10:08]} Qd6
{[%clk 1:26:22]} 15. Nc3 {[%clk 1:08:05]} b6 {[%clk 1:26:25]} 16. Bd5
{[%clk 1:07:36]} Nc6 {[%clk 1:25:08]} 17. Nb5 {[%clk 1:04:54]} Qe5
{[%clk 1:24:40]} 18. Rb1 {[%clk 1:01:40]} Ba6 {[%clk 1:23:49]} 19. a4
{[%clk 0:57:36]} Rac8 {[%clk 1:24:02]} 20. Bxc6 {[%clk 0:51:30]} dxc6
{[%clk 1:22:40]} 21. Nxa7 {[%clk 0:51:35]} Rce8 {[%clk 1:23:00]} 22. Bxb6
{[%clk 0:49:56]} Qg5 {[%clk 1:22:46]} 23. Re1 {[%clk 0:48:58]} Re6
{[%clk 1:22:54]} 24. Rc1 {[%clk 0:47:38]} Rg6 {[%clk 1:23:09]} 25. g3
{[%clk 0:45:30]} Bb7 {[%clk 1:23:07]} 26. b4 {[%clk 0:41:56]} c5 {[%clk 1:23:11]}
27. Rxc5 {[%clk 0:41:15]} f5 {[%clk 1:22:59]} 28. Qc1 {[%clk 0:25:10]} Qg4
{[%clk 1:22:45]} 29. Bc7 {[%clk 0:22:27]} Qh3 {[%clk 1:22:46]} 30. Nc6
{[%clk 0:18:48]} Rf7 {[%clk 1:22:30]} 31. Ne5 {[%clk 0:17:19]} Bxe4
{[%clk 1:22:02]} 32. dxe4 {[%clk 0:17:12]} Rgf6 {[%clk 1:21:45]} 33. Nxf7
{[%clk 0:16:46]} Kxf7 {[%clk 1:21:48]} 34. f4 {[%clk 0:13:55]} g5
{[%clk 1:21:44]} 35. a5 {[%clk 0:11:51]} gxf4 {[%clk 1:22:03]} 36. Bxf4
{[%clk 0:11:47]} h5 {[%clk 1:22:22]} 37. Qc2 {[%clk 0:10:49]} h4 {[%clk 1:22:38]}
38. Rxf5 {[%clk 0:10:29]} hxg3 {[%clk 1:22:36]} 39. Bxg3 {[%clk 0:10:28]} Kg6
{[%clk 1:22:47]} 40. Rxf6+ {[%clk 0:40:45]} Kxf6 {[%clk 1:53:02]} 41. a6
{[%clk 0:40:47]} Qe6 {[%clk 1:52:32]} 42. Rf1+ {[%clk 0:40:26]} Ke7
{[%clk 1:52:43]} 43. Qc7+ {[%clk 0:40:00]} Qd7 {[%clk 1:52:48]} 44. Qxd7+
{[%clk 0:39:56]} Kxd7 {[%clk 1:53:08]} 45. a7 {[%clk 0:40:19]} Kc8
{[%clk 1:53:37]} 46. a8=Q+ {[%clk 0:40:19]} Kd7 {[%clk 1:54:02]} 47. Qa6
{[%clk 0:40:16]} Ke8 {[%clk 1:54:16]} 1-0

[Event "WCO 2016"]
[Site "?"]
[Date "2016.09.13"]
[Round "11"]
[Board "19"]
[WhiteID "10301291"]
[White "Baqer Fatemah Alzahraa"]
[BlackID "7800746"]
[Black "Wasif Zenobia"]
[Result "0-1"]
[BlackElo "1566"]
[WhiteElo "1204"]
[LiveChessVersion "1.4.8"]

1. e4 {[%clk 1:30:39]} e5 {[%clk 1:30:53]} 2. Nf3 {[%clk 1:30:59]} d6
{[%clk 1:31:16]} 3. h3 {[%clk 1:30:49]} c5 {[%clk 1:31:27]} 4. Bc4
{[%clk 1:30:08]} h6 {[%clk 1:31:40]} 5. d3 {[%clk 1:29:46]} Nf6 {[%clk 1:31:53]}
6. Nc3 {[%clk 1:29:40]} Nc6 {[%clk 1:32:12]} 7. Be3 {[%clk 1:29:44]} Be7
{[%clk 1:32:26]} 8. Qd2 {[%clk 1:29:46]} Nd4 {[%clk 1:32:33]} 9. O-O-O
{[%clk 1:26:51]} Be6 {[%clk 1:31:53]} 10. Bxe6 {[%clk 1:24:53]} fxe6
{[%clk 1:32:08]} 11. Rhg1 {[%clk 1:20:32]} O-O {[%clk 1:32:11]} 12. a3
{[%clk 1:17:41]} b5 {[%clk 1:32:25]} 13. Rge1 {[%clk 1:15:46]} a5
{[%clk 1:32:25]} 14. a4 {[%clk 1:12:52]} Qb6 {[%clk 1:26:53]} 15. Nxb5
{[%clk 1:10:41]} Nxb5 {[%clk 1:26:48]} 16. axb5 {[%clk 1:10:37]} Qxb5
{[%clk 1:27:12]} 17. Qc3 {[%clk 1:10:29]} Rfb8 {[%clk 1:26:04]} 18. b3
{[%clk 1:08:56]} a4 {[%clk 1:23:00]} 19. Kd2 {[%clk 1:07:45]} axb3
{[%clk 1:22:18]} 20. Rb1 {[%clk 1:07:23]} b2 {[%clk 1:18:16]} 21. Ke2
{[%clk 1:04:41]} Bd8 {[%clk 1:17:13]} 22. Bd2 {[%clk 1:03:41]} Ra4
{[%clk 1:12:18]} 23. Kf1 {[%clk 1:02:20]} Ba5 {[%clk 1:12:30]} 24. Qxb2
{[%clk 0:56:49]} Qxb2 {[%clk 1:12:34]} 25. Rxb2 {[%clk 0:57:02]} Rxb2
{[%clk 1:12:59]} 26. Bc1 {[%clk 0:57:14]} Rxc2 {[%clk 1:12:38]} 27. Rd1
{[%clk 0:56:31]} Ra1 {[%clk 1:12:46]} 28. g3 {[%clk 0:55:25]} Rcxc1
{[%clk 1:12:48]} 29. Rxc1 {[%clk 0:55:26]} Rxc1+ {[%clk 1:13:10]} 30. Kg2
{[%clk 0:55:50]} Rd1 {[%clk 1:11:27]} 31. g4 {[%clk 0:54:39]} g5 {[%clk 1:11:03]}
32. h4 {[%clk 0:53:59]} gxh4 {[%clk 1:10:54]} 33. Nxh4 {[%clk 0:54:13]} Rxd3
{[%clk 1:10:50]} 34. f3 {[%clk 0:54:14]} Kg7 {[%clk 1:11:00]} 35. Kh3
{[%clk 0:53:37]} c4 {[%clk 1:11:02]} 36. Kg3 {[%clk 0:51:26]} Be1+
{[%clk 1:11:12]} 37. Kh3 {[%clk 0:51:20]} Bxh4 {[%clk 1:11:32]} 38. Kxh4
{[%clk 0:51:39]} Rd1 {[%clk 1:11:17]} 39. g5 {[%clk 1:21:48]} hxg5+
{[%clk 1:41:12]} 40. Kxg5 {[%clk 1:22:09]} c3 {[%clk 1:41:35]} 41. f4
{[%clk 1:22:20]} exf4 {[%clk 1:41:47]} 42. Kxf4 {[%clk 1:22:30]} c2
{[%clk 1:42:11]} 43. e5 {[%clk 1:22:46]} dxe5+ {[%clk 1:42:30]} 44. Kxe5
{[%clk 1:22:55]} c1=Q {[%clk 1:42:47]} 45. Kxe6 {[%clk 1:23:18]} Qe3+
{[%clk 1:42:38]} 46. Kf5 {[%clk 1:23:27]} Rf1# {[%clk 1:41:14]} 0-1

[Event "WCO 2016"]
[Site "?"]
[Date "2016.09.13"]
[Round "11"]
[Board "22"]
[WhiteID "12600555"]
[White "Kukula Esi"]
[BlackID "12201529"]
[Black "Ibtihal Mohammed "]
[Result "0-1"]
[BlackElo "1479"]
[WhiteElo "1264"]
[LiveChessVersion "1.4.8"]

1. e4 {[%clk 1:30:47]} c5 {[%clk 1:30:54]} 2. Bc4 {[%clk 1:30:20]} Nc6
{[%clk 1:31:17]} 3. Ne2 {[%clk 1:28:10]} g6 {[%clk 1:31:30]} 4. a3
{[%clk 1:26:47]} Bg7 {[%clk 1:31:53]} 5. O-O {[%clk 1:26:37]} Nf6
{[%clk 1:31:51]} 6. Nbc3 {[%clk 1:26:40]} O-O {[%clk 1:32:10]} 7. f3
{[%clk 1:26:56]} a6 {[%clk 1:32:09]} 8. d3 {[%clk 1:27:00]} b5 {[%clk 1:32:30]}
9. Ba2 {[%clk 1:26:35]} d6 {[%clk 1:28:39]} 10. Be3 {[%clk 1:23:26]} Bd7
{[%clk 1:27:48]} 11. Qd2 {[%clk 1:22:19]} Qb6 {[%clk 1:23:51]} 12. Rfd1
{[%clk 1:17:21]} a5 {[%clk 1:22:57]} 13. Kf1 {[%clk 1:17:07]} b4 {[%clk 1:22:29]}
14. Nd5 {[%clk 1:12:44]} Nxd5 {[%clk 1:22:38]} 15. exd5 {[%clk 1:13:07]} Nd8
{[%clk 1:20:13]} 16. Rab1 {[%clk 1:03:07]} Qc7 {[%clk 1:16:16]} 17. Bc4
{[%clk 1:01:57]} e6 {[%clk 1:15:02]} 18. b3 {[%clk 1:01:15]} bxa3
{[%clk 1:14:52]} 19. Bh6 {[%clk 0:59:05]} a2 {[%clk 1:14:57]} 20. Bxg7
{[%clk 0:58:09]} axb1=Q {[%clk 1:15:12]} 21. Rxb1 {[%clk 0:58:37]} Kxg7
{[%clk 1:15:05]} 22. Ng3 {[%clk 0:53:58]} exd5 {[%clk 1:15:29]} 23. Bxd5
{[%clk 0:52:59]} Bc6 {[%clk 1:15:42]} 24. Bc4 d5 25. Bxd5 {[%clk 0:34:17]} Bxd5
{[%clk 1:14:54]} 26. Ne4 {[%clk 0:31:53]} Bxe4 {[%clk 1:14:09]} 27. fxe4
{[%clk 0:31:45]} Ne6 {[%clk 1:14:13]} 28. g3 {[%clk 0:31:19]} Rfd8
{[%clk 1:12:44]} 29. Qc3+ {[%clk 0:29:48]} Kg8 {[%clk 1:13:00]} 30. Ke2
{[%clk 0:19:04]} a4 {[%clk 1:13:00]} 31. Kd1 {[%clk 0:17:14]} a3 {[%clk 1:13:21]}
32. b4 {[%clk 0:16:46]} a2 {[%clk 1:13:40]} 33. bxc5 {[%clk 0:17:12]} 0-1

[Event "WCO 2016"]
[Site "?"]
[Date "2016.09.13"]
[Round "11"]
[Board "23"]
[WhiteID "12201413"]
[White "Zienab mustafa mansour "]
[BlackID "12600431"]
[Black "Allotey Dorcas"]
[Result "1-0"]
[BlackElo "1504"]
[WhiteElo "1195"]
[LiveChessVersion "1.4.8"]

1. e4 {[%clk 1:30:57]} Nf6 {[%clk 1:30:26]} 2. Nc3 {[%clk 1:31:09]} Nc6
{[%clk 1:30:03]} 3. Nf3 {[%clk 1:30:44]} e6 {[%clk 1:30:02]} 4. Bc4
{[%clk 1:30:07]} Bc5 {[%clk 1:29:39]} 5. h3 {[%clk 1:29:39]} d5 {[%clk 1:28:21]}
6. exd5 {[%clk 1:29:22]} exd5 {[%clk 1:26:08]} 7. Qe2+ {[%clk 1:24:02]} Be6
{[%clk 1:24:35]} 8. Bb5 {[%clk 1:23:58]} Qd7 {[%clk 1:21:13]} 9. d4
{[%clk 1:23:53]} Bb6 {[%clk 1:15:32]} 10. O-O {[%clk 1:20:11]} a6
{[%clk 1:15:23]} 11. Ba4 {[%clk 1:20:03]} O-O-O {[%clk 1:13:25]} 12. Ne5
{[%clk 1:18:23]} Qd6 {[%clk 1:11:45]} 13. Nxc6 {[%clk 1:12:45]} bxc6
{[%clk 1:10:43]} 14. Qxa6+ {[%clk 1:11:08]} Kd7 {[%clk 1:09:29]} 15. Bg5
{[%clk 1:08:12]} Bxd4 {[%clk 1:07:43]} 16. Qd3 {[%clk 0:56:26]} Qe5
{[%clk 1:04:24]} 17. Be3 {[%clk 0:53:00]} Bf5 {[%clk 1:02:57]} 18. Qxd4
{[%clk 0:52:50]} Qe6 {[%clk 1:00:23]} 19. Bf4 {[%clk 0:49:58]} Bxh3
{[%clk 0:56:49]} 20. gxh3 {[%clk 0:45:42]} Qxh3 {[%clk 0:53:13]} 21. Qe5
{[%clk 0:43:06]} Qg4+ {[%clk 0:52:51]} 22. Bg3 {[%clk 0:41:40]} Rc8
{[%clk 0:50:54]} 23. Rae1 {[%clk 0:40:24]} Rhe8 {[%clk 0:49:07]} 24. Qf4
{[%clk 0:40:24]} Qg6 {[%clk 0:44:54]} 25. Rxe8 {[%clk 0:39:32]} Kxe8
{[%clk 0:43:49]} 26. Bxc6+ {[%clk 0:39:09]} Kf8 {[%clk 0:44:09]} 27. Nxd5
{[%clk 0:35:32]} Ne4 {[%clk 0:38:34]} 28. Bd7 {[%clk 0:32:58]} Rd8
{[%clk 0:30:38]} 29. Qxc7 Qg5 {[%clk 0:26:36]} 30. Re1 {[%clk 0:29:30]} Nd2
{[%clk 0:19:06]} 31. Re7 {[%clk 0:25:04]} Nf3+ {[%clk 0:16:41]} 32. Kg2
{[%clk 0:25:04]} Nh4+ {[%clk 0:13:16]} 33. Kf1 {[%clk 0:22:34]} Qc1+
{[%clk 0:10:43]} 34. Re1 {[%clk 0:22:15]} Qg5 {[%clk 0:10:01]} 35. Qe5
{[%clk 0:21:11]} f6 {[%clk 0:05:32]} 36. Qe7+ {[%clk 0:17:28]} Kg8
{[%clk 0:05:25]} 37. Qxd8+ {[%clk 0:16:52]} Kf7 {[%clk 0:05:46]} 38. Be8+
{[%clk 0:16:14]} Kf8 {[%clk 0:05:32]} 39. Qe7+ {[%clk 0:16:23]} Kg8
{[%clk 0:05:40]} 40. Bf7+ {[%clk 0:46:36]} 1-0

[Event "WCO 2016"]
[Site "?"]
[Date "2016.09.13"]
[Round "11"]
[Board "33"]
[WhiteID "3700860"]
[White "Vargas Gabriela"]
[BlackID "4144198"]
[Black "Aleksandrova Aleksandra"]
[Result "1-0"]
[BlackElo "1848"]
[WhiteElo "2050"]
[LiveChessVersion "1.4.8"]

1. d4 d5 {[%clk 1:30:43]} 2. Nf3 {[%clk 1:31:08]} e6 {[%clk 1:30:58]} 3. e3
{[%clk 1:29:38]} Nd7 {[%clk 1:30:12]} 4. Bd3 {[%clk 1:29:53]} Bd6
{[%clk 1:30:02]} 5. O-O {[%clk 1:29:57]} f5 {[%clk 1:29:48]} 6. b3
{[%clk 1:27:22]} Qe7 {[%clk 1:28:26]} 7. Bb2 {[%clk 1:27:17]} Ngf6
{[%clk 1:21:54]} 8. Qe2 {[%clk 1:25:43]} Ng4 {[%clk 1:06:03]} 9. c4
{[%clk 1:21:24]} c6 {[%clk 1:01:48]} 10. Nbd2 {[%clk 1:06:42]} Qf6
{[%clk 0:24:52]} 11. Rfe1 {[%clk 0:51:50]} O-O {[%clk 0:21:11]} 12. h3
{[%clk 0:48:55]} Nh6 {[%clk 0:18:53]} 13. a4 {[%clk 0:27:57]} Re8
{[%clk 0:16:40]} 14. Ba3 {[%clk 0:24:35]} Bxa3 {[%clk 0:15:00]} 15. Rxa3
{[%clk 0:25:02]} e5 {[%clk 0:11:21]} 16. dxe5 {[%clk 0:24:52]} Nxe5
{[%clk 0:11:49]} 17. Nxe5 {[%clk 0:24:48]} Qxe5 {[%clk 0:10:29]} 18. cxd5
{[%clk 0:22:50]} cxd5 {[%clk 0:10:33]} 19. Nf3 {[%clk 0:22:47]} Qd6
{[%clk 0:10:07]} 20. Raa1 {[%clk 0:20:14]} Bd7 {[%clk 0:10:16]} 21. Qd2
{[%clk 0:19:56]} Nf7 {[%clk 0:09:19]} 22. Nd4 {[%clk 0:19:33]} g6
{[%clk 0:09:07]} 23. Rec1 {[%clk 0:19:13]} a6 {[%clk 0:07:30]} 24. Rc2
{[%clk 0:16:14]} Ne5 {[%clk 0:07:40]} 25. Rac1 {[%clk 0:13:27]} Rac8
{[%clk 0:05:51]} 26. Rxc8 {[%clk 0:13:11]} Rxc8 {[%clk 0:06:19]} 27. Rxc8+
{[%clk 0:13:31]} Bxc8 {[%clk 0:06:48]} 28. Qc3 {[%clk 0:13:07]} Bd7
{[%clk 0:07:04]} 29. Be2 {[%clk 0:11:12]} g5 {[%clk 0:03:13]} 30. Qa5
{[%clk 0:07:04]} Nc6 {[%clk 0:03:06]} 31. Qb6 {[%clk 0:04:19]} Qb8
{[%clk 0:02:00]} 32. Nxc6 {[%clk 0:04:19]} Bxc6 {[%clk 0:02:21]} 33. Bxa6
{[%clk 0:04:30]} Qe5 {[%clk 0:01:26]} 34. Qd8+ {[%clk 0:03:37]} Kf7
{[%clk 0:01:29]} 35. Be2 {[%clk 0:02:24]} Qa1+ {[%clk 0:01:23]} 36. Kh2
{[%clk 0:02:53]} Qe5+ {[%clk 0:01:38]} 37. g3 {[%clk 0:03:21]} h6
{[%clk 0:01:46]} 38. Bh5+ {[%clk 0:03:27]} Kg7 {[%clk 0:02:02]} 39. Bf3
{[%clk 0:02:10]} f4 {[%clk 0:01:19]} 40. exf4 {[%clk 0:32:00]} gxf4
{[%clk 0:31:20]} 41. Qh4 {[%clk 0:32:16]} fxg3+ {[%clk 0:17:17]} 42. Qxg3+
{[%clk 0:31:42]} Kf6 {[%clk 0:17:46]} 43. a5 {[%clk 0:24:28]} Qxg3+
{[%clk 0:05:50]} 44. Kxg3 {[%clk 0:24:50]} Ke5 {[%clk 0:06:16]} 45. Bg2
{[%clk 0:23:12]} Bb5 {[%clk 0:03:17]} 46. f4+ {[%clk 0:22:32]} Ke6
{[%clk 0:02:14]} 47. Kf2 {[%clk 0:21:21]} Bc6 {[%clk 0:01:41]} 48. Bf3
{[%clk 0:18:05]} Kd6 {[%clk 0:01:45]} 49. b4 {[%clk 0:18:10]} 1-0

[Event "WCO 2016"]
[Site "?"]
[Date "2016.09.13"]
[Round "11"]
[Board "34"]
[WhiteID "4121929"]
[White "Melnik Galina"]
[BlackID "3702014"]
[Black "Perez Dalila"]
[Result "0-1"]
[BlackElo "1860"]
[WhiteElo "1915"]
[LiveChessVersion "1.4.8"]

1. d4 {[%clk 1:30:57]} d5 {[%clk 1:30:54]} 2. Nf3 {[%clk 1:31:23]} Nf6
{[%clk 1:31:16]} 3. c4 {[%clk 1:31:26]} e6 {[%clk 1:31:38]} 4. e3
{[%clk 1:31:42]} c6 {[%clk 1:31:48]} 5. Nc3 {[%clk 1:30:03]} Bd6 {[%clk 1:30:03]}
6. Bd3 {[%clk 1:28:28]} O-O {[%clk 1:30:15]} 7. O-O {[%clk 1:28:39]} Nbd7
{[%clk 1:29:59]} 8. b3 {[%clk 1:28:05]} a6 {[%clk 1:27:42]} 9. Bb2
{[%clk 1:26:41]} c5 {[%clk 1:20:44]} 10. cxd5 {[%clk 1:26:16]} exd5
{[%clk 1:21:12]} 11. dxc5 {[%clk 1:17:48]} Nxc5 {[%clk 1:20:54]} 12. Bc2
{[%clk 1:18:00]} Bg4 {[%clk 1:19:57]} 13. Ne2 {[%clk 1:11:42]} Nce4
{[%clk 1:04:00]} 14. Nfd4 {[%clk 1:04:21]} Bh5 {[%clk 0:39:37]} 15. f3
{[%clk 1:03:38]} Ng5 {[%clk 0:27:54]} 16. Nf5 {[%clk 0:49:46]} Bc5
{[%clk 0:26:15]} 17. Nf4 {[%clk 0:35:15]} Bg6 {[%clk 0:16:48]} 18. Nxg6
{[%clk 0:35:25]} hxg6 {[%clk 0:16:46]} 19. Nd4 {[%clk 0:35:23]} Qb6
{[%clk 0:14:39]} 20. Qd3 {[%clk 0:30:49]} Nd7 {[%clk 0:13:17]} 21. Rfe1
{[%clk 0:27:23]} Rfe8 {[%clk 0:13:11]} 22. Kf1 {[%clk 0:20:17]} Rac8
{[%clk 0:10:56]} 23. a3 {[%clk 0:17:40]} Bd6 {[%clk 0:10:42]} 24. h4
{[%clk 0:11:57]} Nc5 {[%clk 0:09:01]} 25. Qd2 {[%clk 0:10:18]} Nh7
{[%clk 0:08:33]} 26. b4 {[%clk 0:09:16]} Nd7 {[%clk 0:08:55]} 27. Bb3
{[%clk 0:04:49]} Nhf6 {[%clk 0:08:00]} 28. Qf2 {[%clk 0:04:25]} Ne5
{[%clk 0:08:01]} 29. Red1 {[%clk 0:04:38]} Nc4 {[%clk 0:07:22]} 30. Bc1
{[%clk 0:04:30]} Nh5 {[%clk 0:07:00]} 31. f4 {[%clk 0:04:10]} Nf6
{[%clk 0:07:14]} 32. Bxc4 {[%clk 0:03:40]} dxc4 {[%clk 0:07:24]} 33. Nc2
{[%clk 0:03:38]} Ne4 {[%clk 0:07:27]} 34. Qf3 {[%clk 0:03:29]} Qd8
{[%clk 0:07:39]} 35. g3 {[%clk 0:03:37]} Qc7 {[%clk 0:06:01]} 36. Bb2
{[%clk 0:03:26]} c3 {[%clk 0:06:06]} 37. Bc1 {[%clk 0:03:54]} Qc4+
{[%clk 0:06:16]} 38. Kg2 {[%clk 0:03:52]} Bc7 {[%clk 0:05:38]} 39. Rd4
{[%clk 0:03:27]} Qc6 {[%clk 0:06:07]} 40. Kh2 {[%clk 0:33:29]} Bb6
{[%clk 0:36:22]} 41. Rd1 {[%clk 0:32:58]} Qc4 {[%clk 0:29:46]} 42. a4
{[%clk 0:30:44]} Rcd8 {[%clk 0:27:47]} 43. Rxd8 {[%clk 0:26:00]} Rxd8
{[%clk 0:27:51]} 44. a5 {[%clk 0:19:22]} Ba7 {[%clk 0:26:19]} 45. b5
{[%clk 0:17:22]} Bc5 {[%clk 0:23:55]} 46. bxa6 {[%clk 0:17:06]} bxa6
{[%clk 0:24:17]} 47. Kg2 {[%clk 0:12:19]} Nd2 {[%clk 0:19:17]} 48. Qd1
{[%clk 0:11:42]} Qe4+ {[%clk 0:19:19]} 49. Kh3 {[%clk 0:11:19]} Rd6
{[%clk 0:11:18]} 50. Ra2 {[%clk 0:07:03]} Qe6+ {[%clk 0:11:00]} 0-1

[Event "WCO 2016"]
[Site "?"]
[Date "2016.09.13"]
[Round "11"]
[Board "35"]
[WhiteID "3702073"]
[White "Avalos Leticia"]
[BlackID "4134877"]
[Black "Kaydanovich Marina"]
[Result "1/2-1/2"]
[BlackElo "1809"]
[WhiteElo "1729"]
[LiveChessVersion "1.4.8"]

1. d4 {[%clk 1:30:58]} d5 {[%clk 1:30:54]} 2. c4 {[%clk 1:31:23]} e6
{[%clk 1:31:17]} 3. Nc3 {[%clk 1:31:46]} Nf6 {[%clk 1:31:21]} 4. cxd5
{[%clk 1:32:02]} exd5 {[%clk 1:31:27]} 5. Qc2 {[%clk 1:32:22]} Nc6
{[%clk 1:29:33]} 6. e3 {[%clk 1:25:37]} Be7 {[%clk 1:28:23]} 7. a3
{[%clk 1:24:51]} O-O {[%clk 1:28:29]} 8. Bd3 {[%clk 1:25:16]} a6 {[%clk 1:28:29]}
9. Nf3 {[%clk 1:25:08]} Re8 {[%clk 1:28:32]} 10. O-O {[%clk 1:20:44]} Bd6
{[%clk 1:27:24]} 11. b4 {[%clk 1:18:30]} Bg4 {[%clk 1:25:54]} 12. Ng5
{[%clk 1:14:05]} h6 {[%clk 1:18:20]} 13. Nf3 {[%clk 1:03:55]} Bxf3
{[%clk 0:39:14]} 14. gxf3 {[%clk 1:04:19]} Ne4 {[%clk 0:30:47]} 15. f4
{[%clk 0:59:00]} Nxc3 {[%clk 0:28:34]} 16. Qxc3 {[%clk 0:59:17]} Qh4
{[%clk 0:26:16]} 17. f3 {[%clk 0:56:24]} f5 {[%clk 0:23:07]} 18. Ra2
{[%clk 0:56:14]} Ne7 {[%clk 0:22:57]} 19. Rg2 {[%clk 0:55:42]} Kh8
{[%clk 0:22:22]} 20. Qc2 {[%clk 0:53:54]} g6 {[%clk 0:19:11]} 21. Bd2
{[%clk 0:52:05]} Rg8 {[%clk 0:18:18]} 22. Be1 {[%clk 0:49:26]} Qf6
{[%clk 0:18:37]} 23. Kh1 {[%clk 0:45:40]} Rg7 {[%clk 0:14:08]} 24. Rfg1
{[%clk 0:43:43]} Rag8 {[%clk 0:13:49]} 25. a4 {[%clk 0:37:14]} Qe6
{[%clk 0:09:23]} 26. Bd2 {[%clk 0:36:50]} g5 {[%clk 0:04:43]} 27. fxg5
{[%clk 0:27:18]} Rxg5 {[%clk 0:02:05]} 28. e4 {[%clk 0:21:21]} Rxg2
{[%clk 0:01:16]} 29. Rxg2 {[%clk 0:21:45]} Rxg2 {[%clk 0:01:18]} 30. Kxg2
{[%clk 0:22:11]} fxe4 {[%clk 0:01:22]} 31. fxe4 {[%clk 0:22:22]} Qg4+
{[%clk 0:01:12]} 32. Kh1 {[%clk 0:21:34]} Qf3+ {[%clk 0:01:11]} 33. Kg1
{[%clk 0:21:34]} Qg4+ {[%clk 0:01:02]} 34. Kh1 {[%clk 0:21:55]} Qf3+
{[%clk 0:01:23]} 35. Kg1 {[%clk 0:22:14]} Qg4+ {[%clk 0:01:40]} 36. Kh1
{[%clk 0:22:22]} Qf3+ {[%clk 0:01:58]} 1/2-1/2

[Event "WCO 2016"]
[Site "?"]
[Date "2016.09.13"]
[Round "11"]
[Board "36"]
[WhiteID "54132185"]
[White "Dorozhkina Mariya"]
[BlackID "3701670"]
[Black "Rojas Montserrat"]
[Result "0-1"]
[BlackElo "1561"]
[WhiteElo "1595"]
[LiveChessVersion "1.4.8"]

1. e4 {[%clk 1:30:57]} c5 {[%clk 1:30:53]} 2. Nc3 {[%clk 1:31:22]} d6
{[%clk 1:30:52]} 3. g3 {[%clk 1:31:24]} Nf6 {[%clk 1:30:15]} 4. Bg2
{[%clk 1:31:23]} g6 {[%clk 1:30:28]} 5. d3 {[%clk 1:30:45]} Bg7 {[%clk 1:30:46]}
6. f4 {[%clk 1:29:47]} Nc6 {[%clk 1:28:24]} 7. Nf3 {[%clk 1:29:03]} Qc7
{[%clk 1:22:49]} 8. O-O {[%clk 1:26:51]} a6 {[%clk 1:23:05]} 9. a4
{[%clk 1:21:05]} O-O {[%clk 1:21:40]} 10. h3 {[%clk 1:12:25]} Rb8
{[%clk 1:06:50]} 11. e5 {[%clk 1:06:12]} dxe5 {[%clk 1:03:36]} 12. fxe5
{[%clk 1:06:34]} Nxe5 {[%clk 1:03:34]} 13. Nxe5 {[%clk 1:06:52]} Qxe5
{[%clk 1:03:46]} 14. Bf4 {[%clk 1:06:34]} Qd4+ {[%clk 1:04:08]} 15. Kh2
{[%clk 1:05:14]} e5 {[%clk 1:03:38]} 16. Bg5 {[%clk 1:01:12]} Nd7
{[%clk 0:56:53]} 17. Qd2 {[%clk 0:57:57]} Qd6 {[%clk 0:51:54]} 18. Ne4
{[%clk 0:55:21]} Qe6 {[%clk 0:48:25]} 19. Nc3 {[%clk 0:48:24]} Nb6
{[%clk 0:45:14]} 20. a5 {[%clk 0:47:04]} Na8 {[%clk 0:45:22]} 21. Ne4
{[%clk 0:41:08]} f5 {[%clk 0:44:01]} 22. Nxc5 {[%clk 0:36:16]} Qd6
{[%clk 0:43:27]} 23. Nb3 {[%clk 0:35:46]} Be6 {[%clk 0:43:09]} 24. Nc1
{[%clk 0:30:16]} Bd5 {[%clk 0:41:37]} 25. Be7 {[%clk 0:27:11]} Qxe7
{[%clk 0:41:03]} 26. Bxd5+ {[%clk 0:27:39]} Kh8 {[%clk 0:41:32]} 27. c3
{[%clk 0:25:41]} Nc7 {[%clk 0:40:28]} 28. Bg2 {[%clk 0:25:02]} Ne6
{[%clk 0:39:45]} 29. Ne2 {[%clk 0:23:31]} Rfd8 {[%clk 0:37:31]} 30. Qc2
{[%clk 0:21:52]} Rbc8 {[%clk 0:34:56]} 31. Rae1 {[%clk 0:18:51]} Rc7
{[%clk 0:30:49]} 32. Qb1 {[%clk 0:17:26]} Qd6 {[%clk 0:25:49]} 33. Nc1
{[%clk 0:16:52]} f4 {[%clk 0:23:44]} 34. gxf4 {[%clk 0:15:24]} Nxf4
{[%clk 0:23:16]} 35. Be4 {[%clk 0:15:41]} Bh6 {[%clk 0:17:00]} 36. c4
{[%clk 0:12:51]} Nh5 {[%clk 0:15:19]} 37. b4 {[%clk 0:10:17]} Bf4+
{[%clk 0:15:27]} 38. Kg2 {[%clk 0:09:43]} Ng3 {[%clk 0:15:43]} 39. Rf3
{[%clk 0:07:52]} Nxe4 {[%clk 0:15:45]} 40. Rxe4 {[%clk 0:37:59]} Bxc1
{[%clk 0:44:52]} 41. Qxc1 {[%clk 0:38:09]} Qxb4 {[%clk 0:44:25]} 42. Rxe5
{[%clk 0:37:29]} Qd6 {[%clk 0:43:34]} 43. Rd5 {[%clk 0:36:41]} Qxd5
{[%clk 0:43:41]} 44. Qa1+ {[%clk 0:35:00]} Qd4 {[%clk 0:43:22]} 45. Rf8+
{[%clk 0:32:21]} Kg7 {[%clk 0:43:45]} 46. Qxd4+ {[%clk 0:29:51]} Rxd4
{[%clk 0:44:14]} 47. Rf3 {[%clk 0:30:08]} Rcd7 {[%clk 0:44:40]} 0-1